LIBRARY & INFORMATION CENTRE, KCAET, TAVANUR

ONLINE PUBLIC ACCESS CATALOGUE (OPAC)

Calculus / (Record no. 9247)

MARC details
000 -LEADER
fixed length control field 00510cam a2200217ua 4500
041 ## - LANGUAGE CODE
Language code of text/sound track or separate title eng
082 ## - DEWEY DECIMAL CLASSIFICATION NUMBER
Classification number 515.1
Item number FRA/CA
100 ## - MAIN ENTRY--AUTHOR NAME
Personal name Francis Raj, M I .
245 ## - TITLE STATEMENT
Title Calculus /
250 ## - EDITION STATEMENT
Edition statement 9 /
260 ## - PUBLICATION, DISTRIBUTION, ETC. (IMPRINT)
Place of publication :
Name of publisher St.Joseph industrial school press ,
Year of publication 1966.
300 ## - PHYSICAL DESCRIPTION
Number of Pages 384 ; .
942 ## - ADDED ENTRY ELEMENTS (KOHA)
Koha item type Books
Holdings
Withdrawn status Lost status Damaged status Home library Current library Date acquired Full call number Accession Number Koha item type
    Damaged KAUAET KAUAET 07/04/2012 515.1 9233 Books
      KAUAET KAUAET 07/04/2012 515.1 9229 Books
      KAUAET KAUAET 07/04/2012 515.1 9231 Books
Withdrawn     KAUAET KAUAET 07/04/2012 515.1 9232 Books
free website counter